[Event "Baltic Sea Cup"]
[Site "Ronne"]
[Date "2007.07.31"]
[Round "2.33"]
[White "Willumsen, Niels Henrik"]
[Black "Hansen, Ib Lynaes"]
[Result "1/2-1/2"]
[WhiteElo "2215"]
[BlackElo "1926"]
[PlyCount "85"]
[EventDate "2007.??.??"]
[EventType "swiss"]
[EventRounds "9"]
[EventCountry "DEN"]
[SourceDate "2005.12.01"]
[WhiteTeam "Denmark"]
[BlackTeam "Denmark"]
[WhiteTeamCountry "DEN"]
[BlackTeamCountry "DEN"]

1. e4 e5 2. Nf3 Nc6 3. Bb5 Nf6 4. O-O Nxe4 5. d4 Nd6 6. dxe5 Nxb5 7. a4 Nd6 8.
exd6 Bxd6 9. Re1+ Be7 10. Nc3 d6 11. Nd5 Be6 12. Nxe7 Qxe7 13. Bg5 Qd7 14. b4
O-O 15. b5 Nd8 16. Qd4 f6 17. Bd2 Bf7 18. Bb4 a6 19. c4 axb5 20. cxb5 b6 21. h4
Ne6 22. Qg4 Rfe8 23. Bc3 Nc5 24. Qd4 Nb3 25. Qf4 Nxa1 26. Rxa1 Bg6 27. Nd4 Re4
28. Qf3 Qg4 29. Qxg4 Rxg4 30. f3 Rxh4 31. g4 Bf7 32. Nf5 Rh6 33. Nxh6+ gxh6 34.
a5 bxa5 35. Rxa5 Rxa5 36. Bxa5 Bc4 37. Bxc7 Bxb5 38. Bxd6 Kf7 39. Kf2 Bd7 40.
Kg3 f5 41. Kh4 fxg4 42. fxg4 Bxg4 43. Kxg4 1/2-1/2

[Event "Baltic Sea Cup"]
[Site "Ronne"]
[Date "2007.07.31"]
[Round "2.34"]
[White "Wilsbeck, Jan Borge"]
[Black "Zhao, Parker"]
[Result "0-1"]
[WhiteElo "1925"]
[BlackElo "2180"]
[PlyCount "66"]
[EventDate "2007.??.??"]
[EventType "swiss"]
[EventRounds "9"]
[EventCountry "DEN"]
[SourceDate "2005.12.01"]
[WhiteTeam "Denmark"]
[BlackTeam "Denmark"]
[WhiteTeamCountry "DEN"]
[BlackTeamCountry "DEN"]

1. e4 c5 2. Nf3 e6 3. d4 cxd4 4. Nxd4 a6 5. Be3 Nf6 6. Bd3 Qc7 7. O-O Nc6 8. f4
h5 9. h3 Bc5 10. c3 Qb6 11. Qb3 Qa7 12. Nd2 Nxd4 13. cxd4 Bxd4 14. Bf2 b5 15.
Nf3 Bxf2+ 16. Rxf2 Ng4 17. hxg4 hxg4 18. g3 gxf3 19. Raf1 Rh3 20. Bb1 Rxg3+ 21.
Kh2 Rg6 22. Rxf3 Bb7 23. Qc3 Rc8 24. Qd2 Rh6+ 25. Kg3 Qb6 26. f5 e5 27. f6 Rg6+
28. Kh2 gxf6 29. Rh3 Ke7 30. Rh7 Qe6 31. Bc2 Qg4 32. Rd1 Rxc2 33. Qxc2 Qf4+ 0-1

[Event "Baltic Sea Cup"]
[Site "Ronne"]
[Date "2007.07.31"]
[Round "2.35"]
[White "Pieri, Enzo"]
[Black "Hafner, Christian"]
[Result "1/2-1/2"]
[WhiteElo "1909"]
[BlackElo "2159"]
[PlyCount "63"]
[EventDate "2007.??.??"]
[EventType "swiss"]
[EventRounds "9"]
[EventCountry "DEN"]
[SourceDate "2005.12.01"]
[WhiteTeam "Denmark"]
[BlackTeam "Denmark"]
[WhiteTeamCountry "DEN"]
[BlackTeamCountry "DEN"]

1. e4 c5 2. Nf3 d6 3. d4 cxd4 4. Nxd4 Nf6 5. Nc3 g6 6. Be2 Bg7 7. Be3 O-O 8.
O-O Nc6 9. Nxc6 bxc6 10. Kh1 d5 11. e5 Nd7 12. f4 e6 13. Na4 Qa5 14. Qd4 Ba6
15. Bd2 Qxa4 16. Qxa4 Bxe2 17. Rfe1 Bb5 18. Qa5 Nc5 19. a4 Nxa4 20. Rxa4 Bxa4
21. Qxa4 c5 22. Qa5 Rfc8 23. c3 Bf8 24. Be3 Be7 25. b4 cxb4 26. cxb4 Rc4 27.
Bc5 Bxc5 28. bxc5 Rc8 29. g3 R4xc5 30. Qxa7 Rc2 31. Qa6 R8c6 32. Qa4 1/2-1/2

[Event "Baltic Sea Cup"]
[Site "Ronne"]
[Date "2007.07.31"]
[Round "2.36"]
[White "Andersen, Rune"]
[Black "Lillelokken, Kjell Arne"]
[Result "1-0"]
[WhiteElo "2076"]
[BlackElo "1898"]
[PlyCount "95"]
[EventDate "2007.??.??"]
[EventType "swiss"]
[EventRounds "9"]
[EventCountry "DEN"]
[SourceDate "2005.12.01"]
[WhiteTeam "Denmark"]
[BlackTeam "Denmark"]
[WhiteTeamCountry "DEN"]
[BlackTeamCountry "DEN"]

1. d4 f5 2. g3 Nf6 3. Bg2 g6 4. Nh3 Bg7 5. Nf4 O-O 6. h4 d6 7. d5 Qe8 8. h5 Na6
9. Nc3 Nc5 10. hxg6 hxg6 11. Be3 e5 12. dxe6 Nxe6 13. Ncd5 Nxf4 14. Nxf6+ Bxf6
15. gxf4 Be6 16. Bd4 Qf7 17. Bxf6 Qxf6 18. Bd5 Rae8 19. Bxe6+ Qxe6 20. Qd2 Rf7
21. O-O-O Rg7 22. Qc3 Ree7 23. Kb1 d5 24. Qc5 c6 25. e3 b6 26. Qd4 Qd6 27. c4
Re4 28. Qc3 d4 29. exd4 Qxf4 30. c5 Re6 31. d5 cxd5 32. cxb6 axb6 33. Qc8+ Kf7
34. Rh8 Qe4+ 35. Ka1 Kf6 36. Qd8+ Ree7 37. Rh3 Qe6 38. Re3 Qd7 39. Qxb6+ Kf7
40. Rc1 Rxe3 41. fxe3 Kg8 42. Qb8+ Kf7 43. Rc7 Ke6 44. Rxd7 Rxd7 45. Qe8+ Re7
46. Qxg6+ Ke5 47. Qg3+ Ke4 48. Qh4+ 1-0

[Event "Baltic Sea Cup"]
[Site "Ronne"]
[Date "2007.07.31"]
[Round "2.37"]
[White "Maas, Thomas"]
[Black "Jensen, Jan Kargaard"]
[Result "1-0"]
[WhiteElo "2071"]
[BlackElo "1894"]
[PlyCount "109"]
[EventDate "2007.??.??"]
[EventType "swiss"]
[EventRounds "9"]
[EventCountry "DEN"]
[SourceDate "2005.12.01"]
[WhiteTeam "Denmark"]
[BlackTeam "Denmark"]
[WhiteTeamCountry "DEN"]
[BlackTeamCountry "DEN"]

1. e4 c5 2. Nf3 d6 3. d4 cxd4 4. Nxd4 Nf6 5. Nc3 a6 6. g3 b5 7. Bg2 Bb7 8. O-O
e5 9. Nb3 Be7 10. Be3 Nbd7 11. a3 O-O 12. g4 Nc5 13. Nxc5 dxc5 14. g5 Nd7 15.
Qg4 Qc7 16. Nd5 Bxd5 17. exd5 Bd6 18. h4 Rae8 19. a4 f5 20. gxf6 Nxf6 21. Qe2
e4 22. axb5 axb5 23. Rad1 Qd7 24. Bc1 Qg4 25. Qxg4 Nxg4 26. Be3 c4 27. Ra1 Nxe3
28. fxe3 Rxf1+ 29. Rxf1 Bg3 30. h5 Re5 31. Bh3 Re8 32. Be6+ Kh8 33. Rf7 Rd8 34.
Rb7 Rb8 35. Rf7 Be5 36. b3 cxb3 37. cxb3 b4 38. Bf5 Bd6 39. Bxe4 Bc5 40. Kf2
Rf8 41. Rxf8+ Bxf8 42. Kf3 g6 43. hxg6 hxg6 44. Kf4 Bd6+ 45. Kg5 Kg7 46. Bxg6
Be7+ 47. Kf5 Bc5 48. e4 Kf8 49. e5 Ke7 50. Bh5 Bd4 51. Be2 Bc5 52. Bb5 Bf2 53.
d6+ Kd8 54. e6 Bh4 55. Kg6 1-0

[Event "Baltic Sea Cup"]
[Site "Ronne"]
[Date "2007.07.31"]
[Round "2.38"]
[White "Kristiansen, Orla"]
[Black "Hansen, Lars Henrik Bech"]
[Result "1/2-1/2"]
[WhiteElo "1842"]
[BlackElo "2070"]
[PlyCount "34"]
[EventDate "2007.??.??"]
[EventType "swiss"]
[EventRounds "9"]
[EventCountry "DEN"]
[SourceDate "2005.12.01"]
[WhiteTeam "Denmark"]
[BlackTeam "Denmark"]
[WhiteTeamCountry "DEN"]
[BlackTeamCountry "DEN"]

1. c4 Nf6 2. Nc3 g6 3. Nf3 Bg7 4. g3 O-O 5. Bg2 d6 6. d3 c6 7. O-O Nh5 8. e4 f5
9. exf5 Bxf5 10. h3 Nf6 11. Be3 Qd7 12. Kh2 Na6 13. Nd4 e5 14. Nxf5 gxf5 15.
Qd2 Qe6 16. Rae1 Nc7 17. f4 e4 1/2-1/2

[Event "Baltic Sea Cup"]
[Site "Ronne"]
[Date "2007.07.31"]
[Round "2.39"]
[White "Ertbjerg, Andreas Lund"]
[Black "Trarup, Jorgen"]
[Result "1-0"]
[WhiteElo "2069"]
[BlackElo "1863"]
[PlyCount "47"]
[EventDate "2007.??.??"]
[EventType "swiss"]
[EventRounds "9"]
[EventCountry "DEN"]
[SourceDate "2005.12.01"]
[WhiteTeam "Denmark"]
[BlackTeam "Denmark"]
[WhiteTeamCountry "DEN"]
[BlackTeamCountry "DEN"]

1. e4 c5 2. Nc3 Nc6 3. g3 e6 4. Bg2 Nge7 5. d3 Ng6 6. f4 a6 7. Nf3 d6 8. Be3
Be7 9. O-O Bf6 10. Kh1 h5 11. h3 Bd7 12. Qe1 Rb8 13. e5 Be7 14. exd6 Bxd6 15.
Ne4 Qe7 16. Qc3 e5 17. Nxd6+ Qxd6 18. Bxc5 Qf6 19. Nxe5 Qf5 20. Rae1 Kd8 21.
Bb6+ Kc8 22. Nc4 Qf6 23. Qxf6 gxf6 24. Nd6# 1-0

[Event "Baltic Sea Cup"]
[Site "Ronne"]
[Date "2007.07.31"]
[Round "2.40"]
[White "Hansen, Anders"]
[Black "Schiendorfer, Florian"]
[Result "0-1"]
[WhiteElo "1795"]
[BlackElo "2059"]
[PlyCount "88"]
[EventDate "2007.??.??"]
[EventType "swiss"]
[EventRounds "9"]
[EventCountry "DEN"]
[SourceDate "2005.12.01"]
[WhiteTeam "Denmark"]
[BlackTeam "Denmark"]
[WhiteTeamCountry "DEN"]
[BlackTeamCountry "DEN"]

1. d4 e6 2. c4 f5 3. Nc3 Nf6 4. g3 Bb4 5. Bg2 O-O 6. Nf3 Bxc3+ 7. bxc3 d6 8.
O-O Nc6 9. Qc2 Rb8 10. Rb1 Na5 11. Nd2 b6 12. c5 dxc5 13. dxc5 Ba6 14. Nb3 Nxb3
15. Qxb3 Qc8 16. Ba3 bxc5 17. Qc2 Rxb1 18. Rxb1 Nd7 19. e4 f4 20. Bh3 Ne5 21.
Rd1 Nf3+ 22. Kg2 Ng5 23. Bg4 h5 24. h4 Nxe4 25. Qxe4 hxg4 26. Rb1 Be2 27. Kg1
Qa6 28. Re1 Bc4 29. Bxc5 Rf5 30. Qa8+ Kh7 31. Bd4 fxg3 32. Qe4 gxf2+ 33. Bxf2
Qxa2 34. Bd4 g3 35. Qg2 Qxg2+ 36. Kxg2 a5 37. Kxg3 a4 38. Ra1 Bb3 39. Kg4 Ra5
40. Kf3 e5 41. Be3 a3 42. Bc1 a2 43. Bb2 Bd5+ 44. Ke3 Rb5 0-1

[Event "Baltic Sea Cup"]
[Site "Ronne"]
[Date "2007.07.31"]
[Round "2.41"]
[White "Johansen, Johnny Holler"]
[Black "Schiendorfer, Alexander"]
[Result "1-0"]
[WhiteElo "2058"]
[BlackElo "1811"]
[PlyCount "101"]
[EventDate "2007.??.??"]
[EventType "swiss"]
[EventRounds "9"]
[EventCountry "DEN"]
[SourceDate "2005.12.01"]
[WhiteTeam "Denmark"]
[BlackTeam "Denmark"]
[WhiteTeamCountry "DEN"]
[BlackTeamCountry "DEN"]

1. e4 e5 2. Nf3 Nc6 3. d4 exd4 4. Nxd4 Nxd4 5. Qxd4 b6 6. Nc3 Bb7 7. Bc4 Qf6 8.
Be3 Be7 9. Bd5 c6 10. e5 Qh4 11. Qxh4 Bxh4 12. Bf3 O-O-O 13. O-O-O h6 14. Bg4
h5 15. Bh3 Nh6 16. Ne4 Be7 17. f3 f6 18. exf6 gxf6 19. Nd6+ Bxd6 20. Rxd6 Ng8
21. Rhd1 Rh7 22. Bf2 c5 23. a4 Rg7 24. a5 Kc7 25. axb6+ axb6 26. b4 Bc6 27.
bxc5 b5 28. Kb2 Ra8 29. Bg3 Rxg3 30. hxg3 Rd8 31. Bf5 b4 32. R1d4 Ne7 33. Bh3
f5 34. Rxb4 Rg8 35. Rh6 Nd5 36. Rd4 Rb8+ 37. Kc1 Ra8 38. Rxh5 Ra1+ 39. Kd2 Rf1
40. Bxf5 Rf2+ 41. Ke1 Rxg2 42. Be4 Ne3 43. Rd2 Rxd2 44. Kxd2 Nf1+ 45. Ke1 Nxg3
46. Rh4 Nxe4 47. fxe4 Bb5 48. Rh6 Bc4 49. Kd2 Be6 50. Rxe6 dxe6 51. Kc3 1-0

[Event "Baltic Sea Cup"]
[Site "Ronne"]
[Date "2007.07.31"]
[Round "2.42"]
[White "Palvig, David Kinch"]
[Black "Hornsgaard, Jens Boe"]
[Result "0-1"]
[WhiteElo "1750"]
[BlackElo "2052"]
[PlyCount "108"]
[EventDate "2007.??.??"]
[EventType "swiss"]
[EventRounds "9"]
[EventCountry "DEN"]
[SourceDate "2005.12.01"]
[WhiteTeam "Denmark"]
[BlackTeam "Denmark"]
[WhiteTeamCountry "DEN"]
[BlackTeamCountry "DEN"]

1. d4 Nf6 2. Bf4 d6 3. Nf3 g6 4. e3 Bg7 5. Bd3 O-O 6. O-O Nbd7 7. Nbd2 Qe8 8.
Bg3 e5 9. dxe5 dxe5 10. Ne4 Nxe4 11. Bxe4 c6 12. c3 Nc5 13. Bc2 Qe7 14. h3 b6
15. b4 Rd8 16. Qb1 Nd7 17. e4 Bb7 18. Qb3 Kh8 19. Rfd1 c5 20. Nd2 cxb4 21. cxb4
Nf8 22. Nc4 f6 23. f3 Ne6 24. Bf2 Nf4 25. Kh2 f5 26. g3 Nh5 27. exf5 e4 28.
Rxd8+ Rxd8 29. Rd1 Rxd1 30. Bxd1 gxf5 31. fxe4 Qxe4 32. Bf3 Qxf3 33. Qxf3 Bxf3
34. Nd6 Bf8 35. Nxf5 Bxb4 36. g4 Ng7 37. Bd4 Bf8 38. g5 Be4 39. Nh6 Bd6+ 40.
Kg1 Bc5 41. Bxc5 bxc5 42. Nf7+ Kg8 43. Nd6 Bd5 44. a4 Ne6 45. h4 Kg7 46. Nc8 a5
47. Kf2 Bb3 48. Nb6 Kg6 49. Ke3 Kh5 50. Kd3 Kxh4 51. Kc3 c4 52. Nxc4 Bxc4 53.
Kxc4 Kxg5 54. Kb5 h5 0-1

[Event "Baltic Sea Cup"]
[Site "Ronne"]
[Date "2007.07.31"]
[Round "2.43"]
[White "Tallaksen, Levi Andre"]
[Black "Adolfssen, Rico"]
[Result "1-0"]
[WhiteElo "2037"]
[BlackElo "1752"]
[PlyCount "55"]
[EventDate "2007.??.??"]
[EventType "swiss"]
[EventRounds "9"]
[EventCountry "DEN"]
[SourceDate "2005.12.01"]
[WhiteTeam "Denmark"]
[BlackTeam "Denmark"]
[WhiteTeamCountry "DEN"]
[BlackTeamCountry "DEN"]

1. d4 e6 2. Nf3 Nf6 3. c4 c6 4. e3 d5 5. Bd3 dxc4 6. Bxc4 c5 7. Nc3 a6 8. a4
cxd4 9. exd4 Nbd7 10. O-O Bd6 11. Re1 O-O 12. Bg5 Qc7 13. Ba2 b6 14. Rc1 Qb8
15. Qd3 Bb7 16. Bb1 Bxf3 17. Qxf3 Bxh2+ 18. Kh1 h6 19. Bxf6 Nxf6 20. g3 Bxg3
21. fxg3 h5 22. Ne4 Ng4 23. Nf2 f5 24. Ba2 h4 25. Rxe6 Kh8 26. Nxg4 fxg4 27.
Qxg4 Qb7+ 28. Kg1 1-0

[Event "Baltic Sea Cup"]
[Site "Ronne"]
[Date "2007.07.31"]
[Round "2.44"]
[White "Lardot, Derik"]
[Black "Skogli, Pal"]
[Result "1-0"]
[WhiteElo "2034"]
[BlackElo "1634"]
[PlyCount "111"]
[EventDate "2007.??.??"]
[EventType "swiss"]
[EventRounds "9"]
[EventCountry "DEN"]
[SourceDate "2005.12.01"]
[WhiteTeam "Denmark"]
[BlackTeam "Denmark"]
[WhiteTeamCountry "DEN"]
[BlackTeamCountry "DEN"]

1. e4 c5 2. c3 d5 3. exd5 Qxd5 4. d4 cxd4 5. cxd4 Nc6 6. Nf3 e6 7. Nc3 Bb4 8.
Bd2 Bxc3 9. Bxc3 Nf6 10. Be2 b5 11. a3 a5 12. O-O Bb7 13. Qd3 Ba6 14. b4 O-O
15. Nd2 Rfd8 16. Bf3 Qd6 17. Ne4 Nxe4 18. Bxe4 f5 19. Bxc6 Qxc6 20. Qg3 f4 21.
d5 Qc7 22. d6 Qf7 23. Qg5 f3 24. Qe7 fxg2 25. Rfd1 a4 26. Qxf7+ Kxf7 27. Kxg2
Bb7+ 28. Kg3 Bd5 29. Be5 Rac8 30. Rac1 Rxc1 31. Rxc1 Bc4 32. Kf4 Rd7 33. Rg1 g6
34. h4 Ke8 35. Ke3 Rf7 36. f4 Kd7 37. Rg5 Rf5 38. Ke4 Rxg5 39. fxg5 Be2 40. Bf4
Bg4 41. Ke5 Bd1 42. Kf6 Be2 43. Kg7 Bf3 44. Kxh7 Bh5 45. Kg7 Kd8 46. Kf6 Kd7
47. Be5 Ke8 48. Kxe6 Bg4+ 49. Kd5 Bd7 50. Kc5 Kf7 51. Kb6 Ke6 52. Kc7 Be8 53.
Bc3 Bd7 54. Be5 Be8 55. Bg3 Bd7 56. h5 1-0

[Event "Baltic Sea Cup"]
[Site "Ronne"]
[Date "2007.07.31"]
[Round "2.46"]
[White "Frisk, Hans"]
[Black "Olsen, Karsten Kierkegaard"]
[Result "1-0"]
[WhiteElo "2028"]
[BlackElo "1598"]
[PlyCount "61"]
[EventDate "2007.??.??"]
[EventType "swiss"]
[EventRounds "9"]
[EventCountry "DEN"]
[SourceDate "2005.12.01"]
[WhiteTeam "Denmark"]
[BlackTeam "Denmark"]
[WhiteTeamCountry "DEN"]
[BlackTeamCountry "DEN"]

1. e4 d5 2. Nc3 dxe4 3. Nxe4 Nc6 4. Bc4 e6 5. Nf3 Nf6 6. Nxf6+ Qxf6 7. d4 Qd8
8. O-O Be7 9. c3 O-O 10. Bd3 Bf6 11. Qc2 h6 12. Re1 Qd6 13. Be3 e5 14. Rad1
exd4 15. Nxd4 Nxd4 16. Bxd4 Kh8 17. Bc4 Qf4 18. Qb3 Bg4 19. f3 Bh5 20. Be3 Qh4
21. g3 Qh3 22. Bf1 Qe6 23. Qxe6 fxe6 24. g4 Bg6 25. Bc5 Rad8 26. Bxf8 Rxf8 27.
Rxe6 Bc2 28. Rd7 Ba4 29. Rxc7 Bc6 30. Rexc6 bxc6 31. Rxc6 1-0

[Event "Baltic Sea Cup"]
[Site "Ronne"]
[Date "2007.07.31"]
[Round "2.47"]
[White "Dinesen, Erland"]
[Black "Simonsen, Per Barndorff"]
[Result "1/2-1/2"]
[WhiteElo "1586"]
[BlackElo "2023"]
[PlyCount "51"]
[EventDate "2007.??.??"]
[EventType "swiss"]
[EventRounds "9"]
[EventCountry "DEN"]
[SourceDate "2005.12.01"]
[WhiteTeam "Denmark"]
[BlackTeam "Denmark"]
[WhiteTeamCountry "DEN"]
[BlackTeamCountry "DEN"]

1. d4 Nf6 2. Nf3 e6 3. Bf4 d5 4. c3 c5 5. e3 Nc6 6. Nbd2 a6 7. Be2 Bd7 8. h3
Rc8 9. O-O h6 10. Ne5 Be7 11. Re1 O-O 12. Ndf3 cxd4 13. exd4 b5 14. a3 Qb6 15.
Bd3 Be8 16. Qd2 Nxe5 17. Nxe5 g5 18. Bh2 Kg7 19. Re2 Nd7 20. Rae1 Bf6 21. Ng4
Bd8 22. Bb1 Bc7 23. Bxc7 Rxc7 24. Qd3 Rh8 25. Qf3 Rc6 26. Ne5 1/2-1/2

[Event "Baltic Sea Cup"]
[Site "Ronne"]
[Date "2007.07.31"]
[Round "2.48"]
[White "Grandadam, Nicolas"]
[Black "Valle, Lorenzo"]
[Result "1-0"]
[WhiteElo "2022"]
[BlackElo "1541"]
[PlyCount "81"]
[EventDate "2007.??.??"]
[EventType "swiss"]
[EventRounds "9"]
[EventCountry "DEN"]
[SourceDate "2005.12.01"]
[WhiteTeam "Denmark"]
[BlackTeam "Denmark"]
[WhiteTeamCountry "DEN"]
[BlackTeamCountry "DEN"]

1. d4 Nf6 2. c4 e5 3. dxe5 Ng4 4. Nf3 Bc5 5. e3 Nc6 6. a3 a5 7. b3 Ngxe5 8. Bb2
Qf6 9. Nxe5 Nxe5 10. Nc3 Qf5 11. Nd5 Ng4 12. Qd2 O-O 13. Nxc7 Rb8 14. b4 axb4
15. Bd3 Qg5 16. axb4 Bb6 17. Nd5 Bd8 18. h3 Ne5 19. Bxe5 Qxe5 20. Qc3 Qg5 21.
Qd4 b5 22. c5 Bb7 23. Be4 Bxd5 24. Qxd5 Qxd5 25. Bxd5 Bf6 26. Ra3 Bb2 27. Rb3
Be5 28. Kd2 g6 29. Kc2 Rfc8 30. Rd1 Rc7 31. Ra3 Kf8 32. Kb3 Ke7 33. Rd2 f5 34.
Rda2 g5 35. f4 gxf4 36. exf4 Bxf4 37. Rf2 Bc1 38. Ra1 Be3 39. Rxf5 Rf8 40. Rxf8
Kxf8 41. Ra5 1-0

[Event "Baltic Sea Cup"]
[Site "Ronne"]
[Date "2007.07.31"]
[Round "2.49"]
[White "Andersen, Daniel"]
[Black "Jacobsen, Mads Holger"]
[Result "1-0"]
[WhiteElo "1997"]
[BlackElo "1480"]
[PlyCount "129"]
[EventDate "2007.??.??"]
[EventType "swiss"]
[EventRounds "9"]
[EventCountry "DEN"]
[SourceDate "2005.12.01"]
[WhiteTeam "Denmark"]
[BlackTeam "Denmark"]
[WhiteTeamCountry "DEN"]
[BlackTeamCountry "DEN"]

1. c4 Nf6 2. Nc3 g6 3. e4 d6 4. d4 Bg7 5. f3 O-O 6. Be3 e5 7. d5 Ne8 8. Bd3 f5
9. Qd2 f4 10. Bf2 Nf6 11. O-O-O b6 12. g3 Nh5 13. Nce2 Na6 14. gxf4 Nxf4 15.
Nxf4 Rxf4 16. Be3 Rf7 17. h4 Nc5 18. Be2 Bd7 19. h5 Ba4 20. Rf1 Qf8 21. hxg6
hxg6 22. Nh3 Bf6 23. Bg5 Qg7 24. Bh6 Qh7 25. Ng5 Bxg5 26. Bxg5 Qg7 27. Rh6 Be8
28. Qe3 Nd7 29. Rfh1 Nf6 30. f4 exf4 31. Bxf4 Re7 32. e5 Nd7 33. e6 Nf6 34. Bg5
Nh7 35. Bxe7 Qxe7 36. Bd3 Qg5 37. Qxg5 Nxg5 38. Bxg6 Kf8 39. Rh8+ Ke7 40. Rxe8+
Rxe8 41. Bxe8 Kxe8 42. Rh8+ Ke7 43. Rc8 Nxe6 44. dxe6 Kxe6 45. Rxc7 a6 46. Rb7
b5 47. cxb5 axb5 48. Rxb5 Kd7 49. Kd2 Kc6 50. Rh5 Kb6 51. Kc3 d5 52. Rxd5 Kc6
53. Kc4 Kb6 54. Rd6+ Kc7 55. Rh6 Kd7 56. Kd5 Ke7 57. a4 Kf7 58. a5 Kg7 59. Re6
Kf7 60. a6 Kg7 61. a7 Kf7 62. a8=Q Kg7 63. Qb7+ Kf8 64. Rc6 Ke8 65. Rc8# 1-0

[Event "Baltic Sea Cup"]
[Site "Ronne"]
[Date "2007.07.31"]
[Round "2.50"]
[White "Dinesen, Lasse Juel"]
[Black "Borup, Mads"]
[Result "0-1"]
[WhiteElo "1522"]
[BlackElo "1996"]
[PlyCount "82"]
[EventDate "2007.??.??"]
[EventType "swiss"]
[EventRounds "9"]
[EventCountry "DEN"]
[SourceDate "2005.12.01"]
[WhiteTeam "Denmark"]
[BlackTeam "Denmark"]
[WhiteTeamCountry "DEN"]
[BlackTeamCountry "DEN"]

1. e4 e6 2. Nf3 d5 3. exd5 exd5 4. d4 Bf5 5. Bd3 Bxd3 6. Qxd3 Bd6 7. Nc3 c6 8.
Bg5 Ne7 9. Bh4 Nd7 10. Bg3 Nf6 11. O-O-O O-O 12. Rde1 b5 13. Qe2 Re8 14. Bxd6
Qxd6 15. Qe5 Qd7 16. Qf4 Ng6 17. Qd2 Qg4 18. Qg5 h6 19. Qxg4 Nxg4 20. Nd1 Re4
21. h3 Nf6 22. Nc3 Rxe1+ 23. Nxe1 Re8 24. f3 Nf4 25. a3 N6h5 26. Kd1 Ng3 27.
Rg1 Nfe2 28. Nxe2 Nxe2 29. Rf1 Nxd4 30. Rf2 Nf5 31. Nd3 a5 32. b3 f6 33. Kd2
Kf7 34. Nc5 Nd6 35. Nd3 Re7 36. Nf4 g5 37. Ne2 c5 38. Nc3 d4 39. Ne2 Ke6 40.
Ng3 Kd5 41. Ne4 Rxe4 0-1

[Event "Baltic Sea Cup"]
[Site "Ronne"]
[Date "2007.07.31"]
[Round "2.51"]
[White "Knudsen, Jes West"]
[Black "Ehlers, Kjeld"]
[Result "1-0"]
[WhiteElo "1990"]
[BlackElo "1449"]
[PlyCount "27"]
[EventDate "2007.??.??"]
[EventType "swiss"]
[EventRounds "9"]
[EventCountry "DEN"]
[SourceDate "2005.12.01"]
[WhiteTeam "Denmark"]
[BlackTeam "Denmark"]
[WhiteTeamCountry "DEN"]
[BlackTeamCountry "DEN"]

1. e4 c5 2. b4 b6 3. bxc5 bxc5 4. Nc3 Bb7 5. Rb1 Bc6 6. Bc4 d6 7. Nf3 e6 8. d4
cxd4 9. Nxd4 Be7 10. Rxb8 Qxb8 11. Nxc6 Qc7 12. Bb5 Kf8 13. O-O Bf6 14. Ba3 1-0

[Event "Baltic Sea Cup"]
[Site "Ronne"]
[Date "2007.07.31"]
[Round "2.52"]
[White "Baun, Christian"]
[Black "Berg, Peter"]
[Result "1/2-1/2"]
[WhiteElo "1441"]
[BlackElo "1966"]
[PlyCount "118"]
[EventDate "2007.??.??"]
[EventType "swiss"]
[EventRounds "9"]
[EventCountry "DEN"]
[SourceDate "2005.12.01"]
[WhiteTeam "Denmark"]
[BlackTeam "Denmark"]
[WhiteTeamCountry "DEN"]
[BlackTeamCountry "DEN"]

1. d4 d5 2. Bf4 c5 3. c3 Nc6 4. e3 Nf6 5. Nd2 Bf5 6. Ne2 e6 7. Ng3 Bg6 8. h4 h6
9. h5 Bh7 10. Nf3 Be7 11. Ne5 O-O 12. Ng4 Qb6 13. Nxf6+ Bxf6 14. Bd3 Bxd3 15.
Qxd3 cxd4 16. exd4 a5 17. b3 Rfe8 18. Qf3 e5 19. dxe5 Nxe5 20. Bxe5 Rxe5+ 21.
Kf1 Rae8 22. Rd1 a4 23. b4 Qb5+ 24. Kg1 Qc4 25. Nf5 Kh7 26. g3 Qxa2 27. Qd3 Qc4
28. Qb1 Qe4 29. Nd6 Qxb1 30. Rxb1 Re1+ 31. Kg2 Rxh1 32. Rxh1 Re7 33. Nb5 Re2
34. Rc1 Bg5 35. Ra1 Rc2 36. Rxa4 Be3 37. Kf3 Bxf2 38. Nd4 Bxd4 39. cxd4 Rc4 40.
Ra5 Rxd4 41. Rb5 g6 42. Rxb7 Kg7 43. hxg6 Kxg6 44. b5 Rb4 45. b6 f6 46. Rb8 Kf5
47. b7 Rb3+ 48. Kg2 d4 49. Kh3 d3 50. g4+ Kf4 51. Rd8 Rxb7 52. Rxd3 Rb1 53. Rd6
Kg5 54. Rd5+ Kg6 55. Kg2 Rb4 56. Kg3 Re4 57. Rd6 Re5 58. Rd8 Rg5 59. Kf4 Re5
1/2-1/2

[Event "Baltic Sea Cup"]
[Site "Ronne"]
[Date "2007.07.31"]
[Round "2.53"]
[White "Rasmussen, Morten"]
[Black "Abrahamsen, Bjarne"]
[Result "1-0"]
[WhiteElo "1979"]
[BlackElo "1346"]
[PlyCount "29"]
[EventDate "2007.??.??"]
[EventType "swiss"]
[EventRounds "9"]
[EventCountry "DEN"]
[SourceDate "2005.12.01"]
[WhiteTeam "Denmark"]
[BlackTeam "Denmark"]
[WhiteTeamCountry "DEN"]
[BlackTeamCountry "DEN"]

1. d4 d5 2. Nf3 e6 3. Bf4 c5 4. c3 c4 5. Nbd2 Be7 6. e4 Nf6 7. exd5 exd5 8. g3
O-O 9. Bg2 Ne4 10. Nxe4 dxe4 11. Nd2 Bg5 12. Bxg5 Qxg5 13. Nxe4 Re8 14. O-O Qb5
15. Nd6 1-0

[Event "Baltic Sea Cup"]
[Site "Ronne"]
[Date "2007.07.31"]
[Round "2.54"]
[White "Hein, Jacob"]
[Black "Glibstrup, Michael"]
[Result "0-1"]
[WhiteElo "1329"]
[BlackElo "1969"]
[PlyCount "58"]
[EventDate "2007.??.??"]
[EventType "swiss"]
[EventRounds "9"]
[EventCountry "DEN"]
[SourceDate "2005.12.01"]
[WhiteTeam "Denmark"]
[BlackTeam "Denmark"]
[WhiteTeamCountry "DEN"]
[BlackTeamCountry "DEN"]

1. d4 Nf6 2. c4 g6 3. Nc3 d5 4. Bf4 Bg7 5. e3 c6 6. Nf3 O-O 7. Be2 Bf5 8. O-O
Re8 9. Qd2 Nbd7 10. Rae1 Nh5 11. Bg5 Nhf6 12. Ne5 dxc4 13. Bxc4 Nxe5 14. Bxf6
Bxf6 15. Bb3 Bg7 16. e4 Be6 17. d5 cxd5 18. exd5 Bf5 19. f4 Ng4 20. Kh1 e6 21.
d6 Qh4 22. g3 Qh6 23. Re2 Rad8 24. Nb5 Bf8 25. Rc1 Qh3 26. Bd5 exd5 27. Rxe8
Rxe8 28. Nc7 Rd8 29. Nxd5 Rxd6 0-1

[Event "Baltic Sea Cup"]
[Site "Ronne"]
[Date "2007.07.31"]
[Round "2.55"]
[White "Olsen, Lars Moller"]
[Black "Pedersen, Lasse"]
[Result "1-0"]
[WhiteElo "1961"]
[BlackElo "1062"]
[PlyCount "71"]
[EventDate "2007.??.??"]
[EventType "swiss"]
[EventRounds "9"]
[EventCountry "DEN"]
[SourceDate "2005.12.01"]
[WhiteTeam "Denmark"]
[BlackTeam "Denmark"]
[WhiteTeamCountry "DEN"]
[BlackTeamCountry "DEN"]

1. d4 d5 2. c4 c6 3. Nf3 Bf5 4. Qb3 b6 5. g3 h6 6. Bg2 Nf6 7. O-O e6 8. Nc3
dxc4 9. Qxc4 Qc7 10. Bf4 Bd6 11. Bxd6 Qxd6 12. Ne5 O-O 13. e3 a6 14. Nxc6 Nxc6
15. Qxc6 Qxc6 16. Bxc6 Rac8 17. Bb7 Bh3 18. Rfc1 Rcd8 19. Bxa6 Rd6 20. Bf1 Bf5
21. Bg2 Rb8 22. e4 e5 23. dxe5 Rd2 24. exf5 Ng4 25. Ne4 Rxb2 26. Nd6 Nxe5 27.
Rc8+ Rxc8 28. Nxc8 Ng4 29. h3 Nxf2 30. Nxb6 Nd3 31. Nd5 Ne5 32. a4 Rb3 33. a5
Nc6 34. Nf6+ gxf6 35. Bxc6 Rb8 36. a6 1-0